Svetový trh s naftou diplomová práca
Guardado en:
| Autor principal: | |
|---|---|
| Autor Corporativo: | |
| Otros Autores: | |
| Formato: | Libro |
| Lenguaje: | ruso |
| Publicado: |
Bratislava
2018
|
| Etiquetas: |
Sin Etiquetas, Sea el primero en etiquetar este registro!
|
MARC
| LEADER | 00000nbm a2200000 4500 | ||
|---|---|---|---|
| 001 | 0244565 | ||
| 005 | 20190118092613.8 | ||
| 041 | 0 | |a rus | |
| 044 | |a SK | ||
| 245 | 1 | 0 | |a Svetový trh s naftou |b diplomová práca |c Roman Kovalevskyi ; školiteľ: Leonid Raneta |
| 264 | 1 | |a Bratislava |c 2018 | |
| 300 | |a 77 s. | ||
| 100 | 1 | |a Kovalevskyi, Roman | |
| 700 | 1 | |a Raneta, Leonid, 1982- | |
| 710 | 2 | |a Fakulta medzinárodných vzťahov EU. Katedra medzinárodných ekonomických vzťahov a hospodárskej diplomacie | |